[Event "La Guajira-ch"]
[Site "Maicao"]
[Date "2023.03.17"]
[Round "15"]
[White "Romero Cotes, Samir Jose"]
[Black "Mengual Escobar, Carlos Mario"]
[Result "1-0"]
[WhiteElo "1691"]
[BlackElo "1915"]
[PlyCount "39"]
[EventDate "2023.03.16"]
[EventType "tourn (rapid)"]
[EventRounds "17"]
[EventCountry "COL"]
[SourceTitle "CBM 213 Extra"]
[Source "ChessBase"]
[SourceDate "2023.05.31"]
[SourceVersion "1"]
[SourceVersionDate "2023.05.31"]
[SourceQuality "1"]

1. d4 Nf6 2. Bf4 d5 3. e3 e6 4. Nd2 Bd6 5. Ngf3 c5 6. c3 Qc7 7. Bxd6 Qxd6 8. Ne5 Nc6 9. f4 0-0 10. Bd3 b6 11. 0-0 a5 12. Rf3 Bb7 13. Rh3 g6 14. Qe1 Kg7 15. Qh4 h5 16. Qg5 Rh8 17. Bxg6 Nd7 18. Bxf7+ Kf8 19. Rxh5 Rxh5 20. Bxh5 1-0

[Event "La Guajira-ch"]
[Site "Maicao"]
[Date "2023.03.16"]
[Round "1"]
[White "Avila Vargas, Juan Manuel"]
[Black "Mengual Escobar, Carlos Mario"]
[Result "0-1"]
[WhiteElo "1468"]
[BlackElo "1915"]
[PlyCount "68"]
[EventDate "2023.03.16"]
[EventType "tourn (rapid)"]
[EventRounds "17"]
[EventCountry "COL"]
[SourceTitle "CBM 213 Extra"]
[Source "ChessBase"]
[SourceDate "2023.05.31"]
[SourceVersion "1"]
[SourceVersionDate "2023.05.31"]
[SourceQuality "1"]

1. d4 Nf6 2. Bf4 d5 3. e3 c5 4. c3 Nc6 5. Bd3 Bg4 6. Ne2 e6 7. Nd2 Bd6 8. Bg3 0-0 9. h3 Bh5 10. Nf4 Bxd1 11. Rxd1 cxd4 12. exd4 e5 13. Ne2 exd4 14. Bxd6 Qxd6 15. cxd4 Qb4 16. 0-0 Nxd4 17. Nxd4 Qxd4 18. Nf3 Qxb2 19. a4 b6 20. Rfe1 Rfe8 21. Rf1 Rac8 22. Bb5 Re7 23. Nd4 Ne4 24. Nc6 Rec7 25. Rxd5 g6 26. Re5 Rxc6 27. Bxc6 Qxe5 28. Bb7 Rc2 29. Re1 f5 30. Rd1 Nxf2 31. Rd8+ Kg7 32. Rd7+ Kh6 33. Bf3 Nxh3+ 34. gxh3 Qg3+ 0-1

[Event "La Guajira-ch"]
[Site "Maicao"]
[Date "2023.03.16"]
[Round "4"]
[White "Mengual Escobar, Carlos Mario"]
[Black "Avila Gonzalez, Juan Jose"]
[Result "1-0"]
[WhiteElo "1915"]
[BlackElo "1756"]
[PlyCount "63"]
[EventDate "2023.03.16"]
[EventType "tourn (rapid)"]
[EventRounds "17"]
[EventCountry "COL"]
[SourceTitle "CBM 213 Extra"]
[Source "ChessBase"]
[SourceDate "2023.05.31"]
[SourceVersion "1"]
[SourceVersionDate "2023.05.31"]
[SourceQuality "1"]

1. e4 c5 2. Nf3 Nc6 3. d4 cxd4 4. Nxd4 Nf6 5. Nc3 g6 6. Be3 Bg7 7. f3 0-0 8. Qd2 d5 9. 0-0-0 dxe4 10. Nxc6 Qxd2+ 11. Bxd2 bxc6 12. Nxe4 Nxe4 13. fxe4 Rb8 14. b3 Be6 15. c4 c5 16. Kc2 Rfd8 17. Be2 Rd4 18. Bf3 Rbd8 19. Be3 Rxd1 20. Rxd1 Rxd1 21. Bxd1 Bd4 22. Bxd4 cxd4 23. Kd3 f5 24. Kxd4 fxe4 25. b4 Kf7 26. a4 Ke8 27. c5 Kd7 28. b5 Bf5 29. Bc2 e5+ 30. Ke3 Ke6 31. Bxe4 h5 32. a5 1-0

[Event "La Guajira-ch"]
[Site "Maicao"]
[Date "2023.03.16"]
[Round "6"]
[White "Mengual Escobar, Carlos Mario"]
[Black "Coma, Dorian"]
[Result "1-0"]
[WhiteElo "1915"]
[BlackElo "1841"]
[PlyCount "79"]
[EventDate "2023.03.16"]
[EventType "tourn (rapid)"]
[EventRounds "17"]
[EventCountry "COL"]
[SourceTitle "CBM 213 Extra"]
[Source "ChessBase"]
[SourceDate "2023.05.31"]
[SourceVersion "1"]
[SourceVersionDate "2023.05.31"]
[SourceQuality "1"]

1. e4 c5 2. Nf3 d6 3. d4 cxd4 4. Nxd4 Nf6 5. Nc3 g6 6. f3 Bg7 7. Be3 Nc6 8. Qd2 0-0 9. 0-0-0 d5 10. Kb1 e5 11. Nxc6 bxc6 12. exd5 Nxd5 13. Nxd5 cxd5 14. Qxd5 Qxd5 15. Rxd5 Rb8 16. b3 Be6 17. Rc5 Rfd8 18. Bc4 Bf8 19. Rc7 Bxc4 20. Rxc4 Rd7 21. Kb2 Rbd8 22. Bg5 Re8 23. Re1 Bg7 24. c3 h6 25. Bc1 Kh7 26. Kc2 f5 27. Rd1 Red8 28. Rxd7 Rxd7 29. Be3 f4 30. Bc5 g5 31. h3 h5 32. a4 Kg6 33. b4 Kf5 34. a5 g4 35. hxg4+ hxg4 36. b5 gxf3 37. gxf3 Ke6 38. Bg1 Bf8 39. Rc6+ Kd5 40. c4# 1-0

[Event "COL pre olympic sf3"]
[Site "Dosquebradas"]
[Date "2018.06.03"]
[Round "8"]
[White "Mengual Escobar, Carlos Mario"]
[Black "Argote Heredia, Valentina"]
[Result "1/2-1/2"]
[WhiteElo "1707"]
[BlackElo "2047"]
[PlyCount "70"]
[EventDate "2018.05.30"]
[EventType "swiss"]
[EventRounds "10"]
[EventCountry "COL"]
[SourceTitle "CBM 184 Extra"]
[Source "ChessBase"]
[SourceDate "2018.06.28"]
[SourceVersion "1"]
[SourceVersionDate "2018.06.28"]
[SourceQuality "1"]

1. d4 Nf6 2. c4 e6 3. Nf3 b6 4. Nc3 Bb7 5. e3 Bb4 6. Bd3 0-0 7. 0-0 Bxc3 8. bxc3 d6 9. Qe2 c5 10. e4 Nbd7 11. Bf4 d5 12. cxd5 exd5 13. e5 Re8 14. Qc2 Ne4 15. Nd2 cxd4 16. cxd4 Rc8 17. Qb1 f5 18. f3 Nxd2 19. Bxd2 g6 20. g4 Qh4 21. Qe1 Qxe1 22. Raxe1 fxg4 23. fxg4 Nf8 24. Bb5 Bc6 25. Bxc6 Rxc6 26. Rc1 Rxc1 27. Rxc1 Ne6 28. Be3 Kf7 29. Kf2 Ke7 30. Ke2 Rf8 31. h3 h5 32. Rc6 hxg4 33. hxg4 Rh8 34. Rd6 Rh2+ 35. Kf3 Rh3+ 1/2-1/2

[Event "COL pre olympic sf3"]
[Site "Dosquebradas"]
[Date "2018.06.02"]
[Round "6"]
[White "Mengual Escobar, Carlos Mario"]
[Black "Quinones, Fernando"]
[Result "1-0"]
[WhiteElo "1707"]
[BlackElo "1769"]
[PlyCount "87"]
[EventDate "2018.05.30"]
[EventType "swiss"]
[EventRounds "10"]
[EventCountry "COL"]
[SourceTitle "CBM 184 Extra"]
[Source "ChessBase"]
[SourceDate "2018.06.28"]
[SourceVersion "1"]
[SourceVersionDate "2018.06.28"]
[SourceQuality "1"]

1. e4 e6 2. d4 d5 3. Nc3 c5 4. exd5 cxd4 5. Qxd4 exd5 6. Qxd5 Qb6 7. Qb5+ Nd7 8. Qxb6 Nxb6 9. Bb5+ Bd7 10. Bxd7+ Nxd7 11. Be3 Bb4 12. Nge2 Ngf6 13. 0-0 a6 14. Rfd1 0-0 15. h3 Rac8 16. Rac1 Rfe8 17. Nd5 Nxd5 18. Rxd5 Nf6 19. Rd3 h6 20. c3 Ba5 21. Rcd1 Bc7 22. Nf4 Rcd8 23. Nd5 Nxd5 24. Rxd5 Rxd5 25. Rxd5 Rd8 26. Rxd8+ Bxd8 27. Kf1 Kf8 28. Ke2 Ke8 29. Bd4 g6 30. g4 Kd7 31. Kd3 Ke6 32. a4 h5 33. Kc4 hxg4 34. hxg4 Bc7 35. Kc5 Bd8 36. Be3 Bc7 37. b3 f5 38. gxf5+ gxf5 39. f4 Kf7 40. Kd5 Kg6 41. Ke6 Bb8 42. c4 a5 43. c5 Bc7 44. Kd7 1-0

[Event "COL-chT"]
[Site "Ibague"]
[Date "2017.07.21"]
[Round "5.4"]
[White "Mengual Escobar, Carlos Mario"]
[Black "Guzman Cruz, Romel"]
[Result "1-0"]
[WhiteElo "1679"]
[BlackElo "1741"]
[PlyCount "37"]
[EventDate "2017.07.19"]
[EventType "team-swiss"]
[EventRounds "6"]
[EventCountry "COL"]
[SourceTitle "CBM 179 Extra"]
[Source "ChessBase"]
[SourceDate "2017.08.23"]
[SourceVersion "1"]
[SourceVersionDate "2017.08.23"]
[SourceQuality "1"]
[WhiteTeam "Guajira"]
[BlackTeam "Tolima V"]
[WhiteTeamCountry "COL"]
[BlackTeamCountry "COL"]

1. e4 c5 2. Nf3 d6 3. d4 cxd4 4. Nxd4 Nc6 5. Be3 e6 6. Nc3 a6 7. Qd2 Be7 8. f3 Nf6 9. 0-0-0 h6 10. Kb1 Qc7 11. g4 Nxd4 12. Bxd4 b5 13. Bd3 Bb7 14. h4 b4 15. Ne2 e5 16. Be3 a5 17. g5 hxg5 18. hxg5 Nd7 19. Rxh8+ 1-0

[Event "COL-chT"]
[Site "Ibague"]
[Date "2017.07.20"]
[Round "4.4"]
[White "Salazar, Diego1111"]
[Black "Mengual Escobar, Carlos Mario"]
[Result "0-1"]
[WhiteElo "1838"]
[BlackElo "1679"]
[PlyCount "86"]
[EventDate "2017.07.19"]
[EventType "team-swiss"]
[EventRounds "6"]
[EventCountry "COL"]
[SourceTitle "CBM 179 Extra"]
[Source "ChessBase"]
[SourceDate "2017.08.23"]
[SourceVersion "1"]
[SourceVersionDate "2017.08.23"]
[SourceQuality "1"]
[WhiteTeam "Huila"]
[BlackTeam "Guajira"]
[WhiteTeamCountry "COL"]
[BlackTeamCountry "COL"]

1. d4 Nf6 2. Nf3 e6 3. c4 Be7 4. Bf4 0-0 5. h3 d5 6. e3 c6 7. Nbd2 Nbd7 8. c5 b6 9. b4 bxc5 10. bxc5 Qa5 11. Bd3 Ba6 12. Qe2 Bxd3 13. Qxd3 Ne4 14. 0-0 Nxd2 15. Nxd2 Rfc8 16. Nf3 Qd8 17. Rab1 f6 18. Bg3 g6 19. Rb7 e5 20. Qa6 Bxc5 21. Rxd7 Qxd7 22. dxc5 Rcb8 23. Rd1 Rb5 24. Nd2 Qb7 25. Qa3 a5 26. e4 Rd8 27. Nc4 Rb1 28. Qf3 Rxd1+ 29. Qxd1 Qb4 30. Nd6 dxe4 31. Qg4 Qb1+ 32. Kh2 Qxa2 33. Nxe4 Qf7 34. Qh4 Rf8 35. Qh6 a4 36. f4 Qc4 37. Nd2 Qxc5 38. fxe5 fxe5 39. Nf3 Rf5 40. Qd2 a3 41. Qa2+ Kf8 42. Bf2 Qd6 43. Be3 e4+ 0-1